Norwegen WM-Kader 2026 - Statistiken

Allgemein
  • Dieses Quiz wurde 5 mal gespielt
  • Das Durchschnittsergebnis liegt bei 11 aus 27
Antwortstatistiken
# Position Verein Spieler % Korrekt
Angriff Manchester City Erling Haaland
100%
Angriff Atlético Madrid Alexander Sørloth
80%
Angriff RB Leipzig Antonio Nusa
80%
© Mittelfeld FC Arsenal Martin Ødegaard
80%
Abwehr Borussia Dortmund Julian Ryerson
60%
Mittelfeld FK Bodø/Glimt Patrick Berg
60%
Mittelfeld FC Fulham Sander Berge
60%
Abwehr Wolverhampton Wanderers David Møller Wolfe
40%
Mittelfeld Benfica Lissabon Fredrik Aursnes
40%
Angriff FK Bodø/Glimt Jens Petter Hauge
40%
Angriff Crystal Palace Jørgen Strand Larsen
40%
Abwehr FC Brentford Kristoffer Ajer
40%
Abwehr Genua CFC Leo Østigård
40%
Mittelfeld US Cremonese Morten Thorsby
40%
Tor FC Sevilla Ørjan Nyland
40%
- Trainer - Ståle Solbakken
40%
Angriff Benfica Lissabon Andreas Schjelderup
20%
Tor FC Watford Egil Selvik
20%
Abwehr FK Bodø/Glimt Fredrik Bjørkan
20%
Abwehr Viking Stavanger Henrik Falchener
20%
Mittelfeld US Sassuolo Kristian Thorstvedt
20%
Abwehr FC Turin Marcus Pedersen
20%
Angriff FC Fulham Oscar Bobb
20%
Tor Hamburger SV Sander Tangvik
20%
Abwehr Derby County Sondre Langås
20%
Mittelfeld Glasgow Rangers Thelo Aasgaard
20%
Abwehr FC Bologna Torbjørn Heggem
20%
Keine übereinstimmenden Quizze gefunden
Verteilung der Resultate
Anzahl Personen mit jedem Resultat
Perzentil nach korrekt beantworteten Fragen
Ihre Resultats-Entwicklung
Sie haben dieses Quiz noch nicht gespielt